[Event "Windsor NAYCC U14"]
[Site "Windsor"]
[Date "2016.08.11"]
[Round "8.83"]
[White "Periappuram, Jacob"]
[Black "Jasniewicz, Adam"]
[Result "1/2-1/2"]
[WhiteElo "873"]
[BlackElo "807"]
[PlyCount "101"]
[EventDate "2016.08.07"]
[EventType "swiss"]
[EventRounds "9"]
[EventCountry "CAN"]
[SourceTitle "EXT 2022"]
[Source "ChessBase"]
[SourceDate "2021.10.06"]
[SourceVersion "1"]
[SourceVersionDate "2021.10.06"]
[SourceQuality "1"]

1. e4 e5 2. Nf3 Nc6 3. Bc4 Bc5 4. Nc3 Nf6 5. 0-0 d6 6. Na4 Nxe4 7. Nxc5 Nxc5 8. d3 0-0 9. a3 Be6 10. Ba2 Bxa2 11. Rxa2 Re8 12. Re1 e4 13. dxe4 Rxe4 14. Ng5 Rxe1+ 15. Qxe1 Qe8 16. Qc3 Ne4 17. Nxe4 Qxe4 18. Ra1 Nd4 19. Kh1 c5 20. h3 Nxc2 21. Qg3 Nxa1 22. Bh6 g6 23. Qxd6 Qe6 24. Qxc5 f5 25. Qc3 Kf7 26. Qg7+ Ke8 27. Qh8+ Kd7 28. Qxa8 Qe1+ 29. Kh2 Qxf2 30. Qxb7+ Kd6 31. Bf8+ Ke5 32. Qc7+ Ke4 33. Qc6+ Kf4 34. Bd6+ Kg5 35. Qc1+ Kh4 36. Bg3+ Qxg3+ 37. Kg1 Nb3 38. Qc4+ f4 39. a4 g5 40. Qg8 h5 41. Qc4 g4 42. hxg4 hxg4 43. Qe6 Kg5 44. Qe5+ Kg6 45. Qe6+ Kg7 46. Qe5+ Kf7 47. Qh5+ Ke6 48. Qg6+ Ke5 49. Qg7+ Ke4 50. Qb7+ Kd3 51. Qxb3+ 1/2-1/2

[Event "Windsor NAYCC U14"]
[Site "Windsor"]
[Date "2016.08.10"]
[Round "6.83"]
[White "Liu, Benjamin"]
[Black "Periappuram, Jacob"]
[Result "1-0"]
[WhiteElo "982"]
[BlackElo "873"]
[PlyCount "85"]
[EventDate "2016.08.07"]
[EventType "swiss"]
[EventRounds "9"]
[EventCountry "CAN"]
[SourceTitle "EXT 2022"]
[Source "ChessBase"]
[SourceDate "2021.10.06"]
[SourceVersion "1"]
[SourceVersionDate "2021.10.06"]
[SourceQuality "1"]

1. d4 d5 2. c4 c6 3. Nf3 Bf5 4. g3 Nf6 5. Nbd2 h6 6. Bg2 Qd7 7. 0-0 Bh3 8. Qc2 Bxg2 9. Kxg2 e6 10. Re1 c5 11. dxc5 Bxc5 12. cxd5 Qxd5 13. e4 Qc6 14. Nb3 Nbd7 15. Be3 b6 16. Rac1 Nxe4 17. Bxc5 Nexc5 18. Nxc5 Nxc5 19. b4 Rc8 20. bxc5 bxc5 21. Re5 Rd8 22. Rxc5 Qb7 23. Rc7 Qd5 24. Rc8 0-0 25. Rxd8 Rxd8 26. Qc7 Rd7 27. Qb8+ Kh7 28. Rc7 Rd8 29. Qxa7 Kg6 30. Rxf7 e5 31. Rxg7+ Kf5 32. Qf7+ Ke4 33. Qxd5+ Kxd5 34. Nxe5 Kxe5 35. Ra7 Kd6 36. Ra6+ Kc7 37. Rxh6 Ra8 38. g4 Rxa2 39. g5 Kd8 40. g6 Ra6 41. g7 Rxh6 42. g8Q+ Kc7 43. Qg7+ 1-0

[Event "Windsor NAYCC U14"]
[Site "Windsor"]
[Date "2016.08.10"]
[Round "7.83"]
[White "Zaid, Shahmeer"]
[Black "Periappuram, Jacob"]
[Result "0-1"]
[WhiteElo "820"]
[BlackElo "873"]
[PlyCount "84"]
[EventDate "2016.08.07"]
[EventType "swiss"]
[EventRounds "9"]
[EventCountry "CAN"]
[SourceTitle "EXT 2022"]
[Source "ChessBase"]
[SourceDate "2021.10.06"]
[SourceVersion "1"]
[SourceVersionDate "2021.10.06"]
[SourceQuality "1"]

1. e4 e5 2. Nf3 Nc6 3. Bc4 Bc5 4. d3 h6 5. 0-0 Nf6 6. a3 d6 7. Nc3 a6 8. Re1 Be6 9. Bxe6 fxe6 10. b4 Ba7 11. Be3 0-0 12. h3 Nd4 13. Ra2 Nxf3+ 14. Qxf3 Nd5 15. Qh5 Nxe3 16. fxe3 Qf6 17. Qe2 Qh4 18. Raa1 c6 19. Rad1 d5 20. Kh1 d4 21. exd4 Bxd4 22. Na4 Rf2 23. Qg4 Qxg4 24. hxg4 Rxc2 25. Rc1 Rxc1 26. Rxc1 Be3 27. Rc2 Rd8 28. Nc5 Bxc5 29. bxc5 Rxd3 30. a4 Ra3 31. Rd2 Rxa4 32. Rd6 Rxe4 33. Rxe6 a5 34. Re7 a4 35. Rxb7 Rc4 36. Ra7 e4 37. Kg1 e3 38. Kf1 Rf4+ 39. Ke2 Rxg4 40. Kxe3 Rxg2 41. Rxa4 Kf7 42. Ke4 Rg4+ 0-1

[Event "Canadian op U1200"]
[Site "Windsor"]
[Date "2016.07.16"]
[Round "8.57"]
[White "Weijs, Harry"]
[Black "Periappuram, Jacob"]
[Result "0-1"]
[WhiteElo "613"]
[BlackElo "635"]
[PlyCount "84"]
[EventDate "2016.07.10"]
[EventType "swiss"]
[EventRounds "9"]
[EventCountry "CAN"]
[SourceTitle "EXT 2022"]
[Source "ChessBase"]
[SourceDate "2021.10.06"]
[SourceVersion "1"]
[SourceVersionDate "2021.10.06"]
[SourceQuality "1"]

1. e4 e5 2. Nf3 Nc6 3. Bc4 Bc5 4. 0-0 Nf6 5. Nc3 0-0 6. d3 h6 7. Nd5 d6 8. h3 Be6 9. Nxf6+ Qxf6 10. Bxe6 fxe6 11. c3 d5 12. Be3 Bb6 13. c4 Rad8 14. cxd5 exd5 15. Qe2 dxe4 16. dxe4 Qg6 17. Bxb6 axb6 18. Rad1 Nd4 19. Nxd4 exd4 20. Rd3 Rfe8 21. Rg3 Qxe4 22. Qc4+ Qd5 23. Qxc7 Qf7 24. Qxb6 d3 25. Rd1 d2 26. Re3 Rd3 27. a4 Qh5 28. g4 Rexe3 29. fxe3 Qxh3 30. Qe6+ Kh8 31. Qe8+ Kh7 32. Qe4+ Kh8 33. Qxd3 Qxg4+ 34. Kf2 Qxd1 35. Qe2 Qc2 36. Kf3 d1Q 37. Qxd1 Qxd1+ 38. Ke4 h5 39. Kf5 h4 40. e4 h3 41. e5 h2 42. e6 h1Q 0-1

[Event "CAN-ch U14"]
[Site "Windsor"]
[Date "2016.07.07"]
[Round "4.37"]
[White "Hou, Frank Gui"]
[Black "Periappuram, Jacob"]
[Result "1-0"]
[WhiteElo "1273"]
[BlackElo "635"]
[PlyCount "105"]
[EventDate "2016.07.05"]
[EventType "swiss"]
[EventRounds "7"]
[EventCountry "CAN"]
[SourceTitle "EXT 2022"]
[Source "ChessBase"]
[SourceDate "2021.10.06"]
[SourceVersion "1"]
[SourceVersionDate "2021.10.06"]
[SourceQuality "1"]

1. e4 e5 2. Nf3 Nc6 3. Bc4 Bc5 4. d3 Nf6 5. 0-0 h6 6. Nc3 0-0 7. Be3 Bb6 8. h3 d6 9. Bb3 Be6 10. Nd5 Bxd5 11. Bxd5 Nxd5 12. exd5 Nb4 13. c4 c6 14. a3 Na6 15. dxc6 bxc6 16. b4 Qf6 17. Re1 c5 18. Qd2 Rfe8 19. Rab1 e4 20. dxe4 Rxe4 21. Red1 Rd8 22. Qd3 Qe6 23. Nd2 Rh4 24. Re1 Qg6 25. Qxg6 fxg6 26. g4 h5 27. Kg2 Nc7 28. Nf3 Rxh3 29. Kxh3 Rf8 30. Kg3 d5 31. bxc5 Ba5 32. Bd2 Bxd2 33. Nxd2 dxc4 34. Nxc4 Nd5 35. c6 Kh7 36. Rbd1 Nc3 37. c7 Nxd1 38. Rxd1 Rc8 39. Rd7 Kh6 40. Nd6 Rg8 41. c8Q Rxc8 42. Nxc8 Kg5 43. Rxa7 hxg4 44. a4 Kf6 45. a5 Ke6 46. a6 Ke5 47. Re7+ Kd5 48. a7 Kc5 49. a8Q Kc4 50. Qe4+ Kc3 51. Qc6+ Kb3 52. Rb7+ Ka2 53. Qa4# 1-0

[Event "CAN-ch U14"]
[Site "Windsor"]
[Date "2015.07.09"]
[Round "7.41"]
[White "Periappuram, Jacob"]
[Black "Weeratunga, Sahan"]
[Result "0-1"]
[WhiteElo "239"]
[BlackElo "863"]
[PlyCount "48"]
[EventDate "2015.07.06"]
[EventType "swiss"]
[EventRounds "7"]
[EventCountry "CAN"]
[SourceTitle "EXT 2022"]
[Source "ChessBase"]
[SourceDate "2021.10.06"]
[SourceVersion "1"]
[SourceVersionDate "2021.10.06"]
[SourceQuality "1"]

1. e4 e5 2. Nf3 Nc6 3. Bc4 Bc5 4. d3 d6 5. Ng5 Qf6 6. 0-0 Na5 7. Nxf7 Nxc4 8. Nxh8 Na5 9. Be3 Bxe3 10. fxe3 Qg5 11. Qd2 Nc6 12. d4 Nf6 13. Rf5 Bxf5 14. exf5 Ke7 15. dxe5 dxe5 16. Nc3 Nd4 17. Qd3 Nxf5 18. e4 Nh4 19. g3 Rxh8 20. Nd5+ Kf7 21. Nxf6 Kxf6 22. Qd7 Qe3+ 23. Kh1 Qf3+ 24. Kg1 Qg2# 0-1

[Event "CAN-ch U14"]
[Site "Windsor"]
[Date "2015.07.06"]
[Round "1.43"]
[White "Huang, Ken"]
[Black "Periappuram, Jacob"]
[Result "1-0"]
[WhiteElo "1435"]
[BlackElo "239"]
[PlyCount "35"]
[EventDate "2015.07.06"]
[EventType "swiss"]
[EventRounds "7"]
[EventCountry "CAN"]
[SourceTitle "EXT 2022"]
[Source "ChessBase"]
[SourceDate "2021.10.06"]
[SourceVersion "1"]
[SourceVersionDate "2021.10.06"]
[SourceQuality "1"]

1. e4 e5 2. Nc3 Nf6 3. f4 exf4 4. Nf3 Nc6 5. d4 Bb4 6. Bd3 0-0 7. 0-0 d6 8. Bxf4 Be6 9. d5 Bc5+ 10. Kh1 Nd4 11. dxe6 fxe6 12. Qe1 d5 13. Bg5 h6 14. Bh4 Qd6 15. e5 Qc6 16. exf6 gxf6 17. Qg3+ Kf7 18. Ne5+ 1-0